000 00536nam a2200229Ia 4500
003 OSt
005 20221005121223.0
006 a|||||r|||| 00| 0
007 ta
008 221004b |||||||| |||| 00| 0 eng d
024 _a44920
037 _cTextual
040 _aCRL
_cCRL
_beng
041 _2eng
_aeng
082 _aP1:1, 113H5
100 _aBrugmann Karl
245 0 _aGrammatik
260 _c1945
650 _aLINGUISTICS
942 _hP1:1, 113H5
_cTEXL
_2cc
999 _c1040495
_d1040495